Riconosci il Pokémon - Quiz n°104 - Statistics

Statistiche generali
  • Questo quiz è stato fatto 6 volte
  • Il punteggio medio è 8 su 10
Statistiche sulle risposte
Indizio Risposta % Corretto
Tipo Drago / Spettro
100%
Generazione Nona
100%
Stadio evoluzione Prima evoluzione
100%
Peso 11,0 kg
83%
Altezza 1,4 m
83%
Sesso 50% ♂, 50% ♀
83%
Abilità Corpochiaro; Intrapasso; Corpofunesto
83%
Tasso di cattura 45 (11.9%)
67%
Pokémon Drakloak
67%
Tasso di allevamento Lento
67%
Nessun quiz corrispondente trovato
Distribuzione punteggi
Percentuale di utenti per punteggio
Percentile per numero di risposta
I tuoi punteggi nel tempo
Non hai fatto questo quiz